Score 0/10 Timer 03:00
0 Plays Today
Hint Answer % Correct
GONGGoing
92.2%
BELLLabel
83.7%
BASSScabs
83.4%
TUBAAbout/U-boat
81.7%
OBOEBooze
80.2%
HARPGraph
71.2%
LYRELeery
48.5%
HORNRhino
44.5%
VIOLAJovial
44.4%
LUTELetup
30%
Remove Ads.
Support Sporcle.
Get the best of Sporcle when you Go Orange. This ad-free experience offers more features, more stats, and more fun while also helping to support Sporcle. Thank you for becoming a member.

You're not logged in!

Compare scores with friends on all Sporcle quizzes.
OR
Log In

Show Comments

Extras

Top Quizzes Today


Score Distribution

Your Account Isn't Verified!

In order to create a playlist on Sporcle, you need to verify the email address you used during registration. Go to your Sporcle Settings to finish the process.

Report this User

Report this user for behavior that violates our Community Guidelines.

Details: